000 00290nam a22001337a 4500
008 171018b xxu||||| |||| 00| 0 eng d
020 _a9780176416010
041 _aeng
080 _a338
100 _a53
101 _aMEN
245 _aSTRATEGIC MANGEMENT
_cSHAPPARD.H
942 _2udc
_cBK
999 _c34752
_d34752